| 000 | 00447nam a2200181Ia 4500 | ||
|---|---|---|---|
| 003 | OSt | ||
| 005 | 20231204104900.0 | ||
| 008 | 210210b1984 xxu||||| |||| 00| 0 eng d | ||
| 040 | _cAL | ||
| 041 | _aEnglish | ||
| 082 | _a158.2 BATP | ||
| 100 |
_aBATTISTA (O A). _9144192 |
||
| 245 | _aPower to influence people. | ||
| 260 |
_aBombay _bBetter yourself books _c1984 |
||
| 690 |
_aApplied Psychology _9144193 |
||
| 906 | _a030538 | ||
| 942 |
_2ddc _cBK |
||
| 999 |
_c81827 _d81827 |
||